000 00467nam a2200217Ia 4500
001 109827
003 YMCAF
005 20230512162403.0
008 100717s2002 ||||||||||||||||| ||und|d
024 _a109827
035 _aWB814
040 _aYMCAF
_beng
_cIN-KoLT
041 _aeng
082 _a005.757
_bORA SAR
100 _aSarin, Sumit
245 0 _aOracle DBA tips & tech.
250 _a3rd
260 _bTMH
_c2002
300 _a740
942 _2ddc
_cBK
999 _c11635
_d11635